"Nubisches" Sprachmaterial in hieroglyphischen und hieratischen Texten : Personennamen, Appellativa, Phrasen vom Neuen Reich bis in die napatanische und meroitische Zeit : mit einem demotischen Anhang /

محفوظ في:

المؤلف الرئيسي: Zibelius-Chen, Karola.

التنسيق: كتاب

اللغة: German

منشور في: Wiesbaden : Harrassowitz Verlag, 2011.

سلاسل: Meroitica ; 25.

الموضوعات:

الوسوم: إضافة وسم

لا توجد وسوم, كن أول من يضع وسما على هذه التسجيلة!

رقم الطلب: DT159.6 .M44 v.25

LEADER 00891nam a22002417a 4500
003 OSt
005 20260419104216.0
008 260419t2011 gw b 001 0 ger c
020 |a 9783447064651 
020 |a 344706465X 
040 |c ARCE Library 
050 1 4 |a DT159.6  |b .M44 v.25 
100 1 |a Zibelius-Chen, Karola. 
245 1 0 |a "Nubisches" Sprachmaterial in hieroglyphischen und hieratischen Texten :   |b Personennamen, Appellativa, Phrasen vom Neuen Reich bis in die napatanische und meroitische Zeit : mit einem demotischen Anhang /   |c Karola Zibelius-Chen. 
264 1 |a Wiesbaden :   |b Harrassowitz Verlag,   |c 2011. 
300 |a xi, 316 pages ;   |c 25 cm. 
490 0 |a Meroitica ;   |v 25. 
504 |a Includes bibliographical references and indexes. 
650 0 |a Egyptian language   |z Nubia   |v Texts. 
651 0 |a Africa   |z Nubia. 
901 |a reviewed 
942 |2 lcc  |c BK 
999 |c 47508  |d 47508